Marcatori della Germania agli Europei - Polonia-Ucraina 2012 - Statistics

Statistiche generali
  • Questo quiz è stato fatto 4 volte
  • Il punteggio medio è 7 su 10
Statistiche sulle risposte
Partita Minuto Marcatore % Corretto
Danimarca - Germania 1-2 19' Lukas Podolski
75%
Germania - Grecia 4-2 74' Marco Reus
75%
Germania - Portogallo 1-0 72' Mario Gómez
75%
Paesi Bassi - Germania 1-2 24' Mario Gómez
75%
Paesi Bassi - Germania 1-2 38' Mario Gómez
75%
Germania - Grecia 4-2 68' Miroslav Klose
75%
Germania - Grecia 4-2 39' Philipp Lahm
75%
Germania - Grecia 4-2 61' Sami Khedira
75%
Germania - Italia 1-2 92' Mesut Özil
50%
Danimarca - Germania 1-2 80' Lars Bender
0%
Nessun quiz corrispondente trovato
Distribuzione punteggi
Percentuale di utenti per punteggio
Percentile per numero di risposta
I tuoi punteggi nel tempo
Non hai fatto questo quiz